| 000 | 01625nam a22002057a 4500 | ||
|---|---|---|---|
| 999 |
_c58482 _d58482 |
||
| 003 | Ge_BSU | ||
| 005 | 20221221133032.0 | ||
| 008 | 220407s2022 ge ||||| |||| 00| 0 geo d | ||
| 041 | _ageo | ||
| 080 | _a33 ს-26 | ||
| 100 |
_aსანიკიძე, ჰამლეტ _913642 |
||
| 245 |
_aსასოფლო-სამეურნეო კოოპერატივების მოდელები და პერსპექტივები საქრთველოში, მდგრადი სოფლის განვითარების მთავარი გამოწვევები : _bდისერტაცია / _cჰამლეტ სანიკიძე; მეცნიერ-ხელმძღვანელი ბადრი გეჩბაია; ბათუმის შოთა რუსთაველის სახელმწიფო უნივერსიტეტი. ეკონომიკისა და ბიზნესის ფაკულტეტი. |
||
| 264 |
_aბათუმი, _c2022. |
||
| 300 |
_a175 გვ.: _bილ., _c30 სმ. |
||
| 504 | _aბიბლიოგრ. გვ.172-175 | ||
| 653 | _aეკონომიკა | ||
| 700 |
_aგეჩბაია, ბადრი _eმეცნიერ-ხელმძღვანელი _913643 |
||
| 710 |
_aბათუმის შოთა რუსთაველის სახელმწიფო უნივერსიტეტი _bეკონომიკისა და ბიზნესის ფაკულტეტი _912854 |
||
| 942 |
_2udc _cDS |
||